| 000 | 00458nam a22001697a 4500 | ||
|---|---|---|---|
| 005 | 20251209115345.0 | ||
| 008 | 251209b |||||||| |||| 00| 0 eng d | ||
| 020 | _a978-/81-203-4741-0 | ||
| 050 | _aQA 76.6.S24 2013 | ||
| 100 | _aSAHA AMIT | ||
| 245 | _aWRITE YOUR FIRST PROGRAM | ||
| 260 |
_aDELHI _bPHI LEARNING PRIVATE LIMITED _c2013 |
||
| 300 | _aX,234 | ||
| 500 | _aINCLUDES AN INDEX | ||
| 650 | _aComputer programming textbook | ||
| 942 |
_2lcc _cBK |
||
| 999 |
_c216343 _d216343 |
||